Guía turística Chile

Na minha lista:
Detalhes bibliográficos
Autor Corporativo: Empresa de Ferrocarriles del Estado (Autor)
Formato: Livro
Idioma:espanhol
Publicado em: Santiago Talleres Gráficos FF. CC. del E 1964
Assuntos:
Tags: Adicionar Tag
Sem tags, seja o primeiro a adicionar uma tag!

MARC

LEADER 00000nam a2200000 a 4500
001 UCH4769
003 CL-VaPUC
008 090903e19640000CL |||||||||||||||||spa|d
082 0 4 |a 918.304  |b EMP  |2 21 
110 2 |a Empresa de Ferrocarriles del Estado  |e author  |9 540695 
245 1 0 |a Guía turística Chile 
300 |a 175 p 
942 |c BK 
945 |d 20090903 00:00:00  |a dcastane 
260 |a Santiago  |b Talleres Gráficos FF. CC. del E  |c 1964 
650 7 |a CAMPING  |2 CL-VaPUC  |9 308205 
650 0 |a Vacaciones  |9 548460 
650 0 |a Mapas  |9 260844 
651 7 |a CHILE  |2 CL-VaPUC  |9 540697 
583 |a last modification  |c 20090903 00:00:00  |k Rodrigo Vera 
999 |c 336037  |d 336035 
952 |0 0  |1 0  |4 0  |6 918_304000000000000_EMP_1964  |7 0  |8 X  |9 426922  |a FDOBUD  |b FDOBUD  |d 2019-11-22  |i 4596900  |o 918.304 EMP 1964  |p 4596900  |r 2019-11-22  |w 2019-11-22  |y BK_X  |k BUD